The Holy Spirit at work today, (Record no. 5386)

MARC details
000 -LEADER
fixed length control field 00891cam a2200265I 4500
001 - CONTROL NUMBER
control field 35721
003 - CONTROL NUMBER IDENTIFIER
control field GBCCL
005 - DATE AND TIME OF LATEST TRANSACTION
control field 20241126110540.0
008 - FIXED-LENGTH DATA ELEMENTS--GENERAL INFORMATION
fixed length control field 740709s1973 xx 000 0 eng d
020 ## - INTERNATIONAL STANDARD BOOK NUMBER
International Standard Book Number 0802452973
035 ## - SYSTEM CONTROL NUMBER
System control number (OCoLC)00939735
040 ## - CATALOGING SOURCE
Original cataloging agency BSC
Transcribing agency BSC
049 ## -
-- LBBK
082 ## - DEWEY DECIMAL CLASSIFICATION NUMBER
Classification number 234.13
Item number WAL
100 1# - MAIN ENTRY--PERSONAL NAME
Personal name Walvoord, John F.
9 (RLIN) 125
245 14 - TITLE STATEMENT
Title The Holy Spirit at work today,
Statement of responsibility, etc. by John F. Walvoord.
260 ## - PUBLICATION, DISTRIBUTION, ETC.
Place of publication, distribution, etc. Lincoln, Neb.,
Name of publisher, distributor, etc. Back to the Bible Broadcast
Date of publication, distribution, etc. [c1973]
300 ## - PHYSICAL DESCRIPTION
Extent 63 p.
Dimensions 22 cm.
500 ## - GENERAL NOTE
General note Reprint of the Moody Press edition.
500 ## - GENERAL NOTE
General note "Chapters 1-5 are reprinted, with changes, from the series of articles, 'Contemporary issues in the doctrine of the Holy Spirit,' Bibliotheca sacra, 130-31 (1973-74)."
520 ## - SUMMARY, ETC.
Summary, etc. Lloyd M. Perry Collection.
650 #0 - SUBJECT ADDED ENTRY--TOPICAL TERM
Topical term or geographic name entry element Holy Spirit.
9 (RLIN) 225
650 #0 - SUBJECT ADDED ENTRY--TOPICAL TERM
Topical term or geographic name entry element Gifts, Spiritual.
9 (RLIN) 664
942 ## - ADDED ENTRY ELEMENTS (KOHA)
Source of classification or shelving scheme Dewey Decimal Classification
Koha item type Books
Koha issues (borrowed), all copies 10
Holdings
Withdrawn status Lost status Source of classification or shelving scheme Damaged status Not for loan Home library Current Library Shelving location Date acquired Total checkouts Total renewals Full call number Barcode Date last seen Date last checked out Copy number Price effective from Koha item type
    Dewey Decimal Classification     GRACE BIBLE COLLEGE GRACE BIBLE COLLEGE Theology 2018-03-16 11 3 234.13 WAL 003611 2025-08-26 2025-08-19 c.1 2018-03-16 Books
© Grace Bible College Library 2025